Histoire du drapeau de la République Dominicaine - Statistiques

Statistiques générales
  • Ce quiz a été pris 62 fois
  • Le résultat moyen est 4 sur 7
Statistiques - réponses
Hint Réponse % Correct
Deuxième drapeau de la République Dominicaine (1849-1861) et troisième drapeau de la République Dominicaine (drapeau actuel depuis 1865)
79%
Colonie française de Saint-Domingue (1795-1809)
79%
Occupation espagnol de la République Dominicaine (1861-1865)
75%
État unifié d'Haïti (1822-1844)
75%
Premier drapeau de la République Dominicaine (1844-1849)
50%
Capitainerie général de Saint-Domingue (1535-1795 et 1809-1821)
38%
Haïti espagnol (1821-1822)
8%
Aucun quiz correspondant
Distribution des résultats
% des personnes avec chaque résultat
Percentile par nombre de réponses
Votre historique - résultats
Vous n’avez pas pris ce quiz